Alice in wonderland

Bibliographic Details
Main Author: Carroll, Lewis
Other Authors: Frankland, David (illustrated)
Format: Book
Published: USA : Ladybird Books Ltd , 1994
Series:Ladybird Classics
Subjects:

MARC

LEADER 00000cam a2200000 7i4500
001 0000008186
005 20071009.0
020 |a 0721416543 
090 0 0 |a JF   |b LAD 
100 1 |a Carroll, Lewis 
245 1 0 |a Alice in wonderland   |c Lewis Carroll ; illustrated by David Frankland 
260 |a USA :   |b Ladybird Books Ltd ,   |c 1994 
300 |a 49p. :   |b ill. ;   |c 18cm. 
490 0 |a Ladybird Classics 
650 0 0 |a Children's stories 
700 1 |a Frankland, David ,   |e illustrated 
999 |a 052397   |b BUKU   |c PINJAMAN   |e PERPUSTAKAAN KOMUNITI PETALING JAYA 
999 |a 052398   |b BUKU   |c PINJAMAN   |e PERPUSTAKAAN KOMUNITI PETALING JAYA 
999 |a 124188   |b BUKU   |c PINJAMAN   |e PERPUSTAKAAN KOMUNITI PETALING JAYA 
999 |a 124190   |b BUKU   |c PINJAMAN   |e PERPUSTAKAAN KOMUNITI PETALING JAYA